Alle Nachbarländer von China - Statistiken

Allgemein
  • Dieses Quiz wurde 73 mal gespielt
  • Das Durchschnittsergebnis liegt bei 12 aus 14
Antwortstatistiken
Antwort % Korrekt
Mongolei
98%
Indien
97%
Nordkorea
95%
Russland
93%
Nepal
91%
Bhutan
84%
Kirgisistan
84%
Pakistan
84%
Kasachstan
83%
Tadschikistan
83%
Afghanistan
79%
Vietnam
78%
Laos
74%
Myanmar
67%
Keine übereinstimmenden Quizze gefunden
Verteilung der Resultate
Anzahl Personen mit jedem Resultat
Perzentil nach korrekt beantworteten Fragen
Ihre Resultats-Entwicklung
Sie haben dieses Quiz noch nicht gespielt